000 00886nam a2200313 a 4500
001 vtls000102261
003 NLI
005 20210601201852.0
008 101125s1965 enk 001 0 eng
020 _cRs. 28.00
039 9 _y201011251138
_zVLOAD
040 _aNLI
_beng
_cDataSoft
_eAACR2
041 0 _aeng
044 _aenk
082 0 4 _a294.329
100 1 _aByles, Marie Beuzeville
_9210290
245 1 0 _aPaths to inner calm /
_cMarie Beuzeville byles
260 _aLondon :
_bGeorge Allen & Unwin,
_c1965
300 _a208 p. ;
_c22 cm.
500 _aIncludes index
650 0 _aBuddhism
_9301
650 0 _aPeace
_xReligious aspects
_xBuddhism
_9215862
650 0 _aMeditation
_xBuddhism
_9182962
887 _a
901 _a373613
_b26.02.1965
902 _aE294.329 B993
949 _AVIRTUAITEM
_D10000
_X100
_6PUR000373613ENG
942 _2ddc
_cBKS
999 _aVIRTUA00
_c106915
_d106915